| 000 | 01917nam0a2200373 4500 | ||
|---|---|---|---|
| 001 | RU\NLR\bibl\856577 | ||
| 005 | 20260406084043.0 | ||
| 021 |
_aRU _b2005-28699 _91437 |
||
| 035 | _a(nilc)RSL-KNO-002603129 | ||
| 035 | _a(NLR Aleph) 000845293 | ||
| 090 |
_a1445926 _c1445926 |
||
| 100 | _a20050518d2005 |||y0rusy50 ca | ||
| 101 | 0 | _arus | |
| 102 | _aRU | ||
| 105 | _aa ||||||||| | ||
| 106 | _ar | ||
| 200 | 1 |
_aКачество экономического роста: научные разработки и российская практика _eматериалы научно-практической конференции, 21 сентября 2004 года _fпод общ. ред. д.э.н., проф. В.И. Кушлина |
|
| 210 |
_aМосква _cИзд-во РАГС _d2005 _gОП ИЦ РАГС |
||
| 215 |
_a305, [1] с. _cил. _d21 |
||
| 300 | _aВ надзаг.: Рос. акад. гос. службы при Президенте Рос. Федерации | ||
| 300 | _aНа тит. л. и обл.: 10 лет | ||
| 320 | _aБиблиогр. в подстроч. примеч. | ||
| 607 |
_aРоссийская Федерация _jСъезды, совещания и т.п. _xНародное хозяйство _xТемпы роста _92113740 _3RU\NLR\auth\661277160 |
||
| 610 | 0 | _aЭкономика -- Российская Федерация -- Воспроизводство -- Экономический рост -- Материалы конференции | |
| 686 |
_aУ9(2)0-96-314я431(2) _2rubbk |
||
| 686 | _aУ9(2)-961-314(2Р)я431 | ||
| 702 | 1 |
_4340 _7ca _8rus _aКушлин _bВ. И. _f1936- _gВалерий Иванович _934811 _3RU\NLR\auth\7751878 |
|
| 801 | 0 |
_aRU _bRuMoRKP _c20050518 _grcr |
|
| 801 | 1 |
_aRU _bRuMoRGB _c20050518 |
|
| 801 | 2 |
_aRU _bNLR _c20051019 _grcr |
|
| 942 | _cBOOK | ||
| 980 | _aNB | ||